zpět

Detail výsledku týmu

Garáž, Pardubice

Datum a čas kvízu

33 Celkem bodů Celkový počet nahraných bodů na tomto kvízu bez doplňovacích otázek.
4. Pořadí na kvízu Konečné umístění týmu na tomto kvízu.

Zaznamenané odpovědi

# Otázka Odpověď Body Výsledky
1. Pražská soukromá vysoká škola... je online 1
2. Napište dvouslovný název chemi... dusičnan (ledek) amonný 1
3. Minulý týden byl odhalen trail... Bábovky 1
4. V tendru na distribuci elektro... Česká pošta, Čepro 0
5. Světová deblová dvojka Barbora... Simona Halepová 1
6. Historie kulečníkových her sah... slonovina 1
7. Kulečník, nebo také biliár (z... snooker 1
8. Osmička (Eight-ball) se hraje... A 1
9. Nyní vám pustíme ukázku ze ser... karambol 0
10. Barva peněz je snímek z roku 1... Tom Cruise 0